| 000 | 00846nam a22002057a 4500 | ||
|---|---|---|---|
| 999 |
_c9395 _d9395 |
||
| 003 | AR-CdUCM | ||
| 008 | 190327b ||||| |||| 00| 0 spa d | ||
| 040 |
_aMUNICIPALIDAD PROVINCIAL DEL CUSCO _cBIBLIOTECA MUNICIPAL DEL CUSCO |
||
| 082 |
_a030 / _bEN56 |
||
| 110 |
_aEspasa - Calpe _918256 |
||
| 245 |
_aEnciclopedia Universal Ilustrada : _bEuropeo - Americana (suplemento anual 1957-1958) / |
||
| 260 |
_aMadrid : _bEspasa-Calpe, _c1961. |
||
| 300 |
_a1523 páginas ; _bilustraciones, mapas, fotografías, retratos, _c25 cm. |
||
| 505 | _aContenido: Aeronáutica -- Antropología -- Artes plásticas -- Astronomía -- Biografía y necrología -- Biología ... | ||
| 650 |
_aEnciclopedia Universal _918257 |
||
| 700 |
_aAlvarado, Rafael _925568 |
||
| 700 |
_aBadía, Margarrit ... (colaboradores) _925569 |
||
| 942 |
_2ddc _cLIBROS |
||
| 945 | _aachl | ||